Estatuto orgánico de la Universidad Iberoamericana Puebla /
Enregistré dans:
| Collectivité auteur: | |
|---|---|
| Format: | Livre |
| Langue: | espagnol |
| Publié: |
Puebla, México :
Universidad Iberoamericana Plantel Golfo-Centro,
2003
|
| Collection: | (Comunicación Oficial. Reglamentos. Rectoría ;
92) |
| Sujets: | |
| Tags: |
Pas de tags, Soyez le premier à ajouter un tag!
|
MARC
| LEADER | 00000nam^a2200000^a^4500 | ||
|---|---|---|---|
| 001 | 000563005 | ||
| 005 | 20250521000000.0 | ||
| 009 | 20260310131956.238 | ||
| 037 | |a Acervo ITESO - Biblioteca | ||
| 041 | |a ESP | ||
| 082 | |a 378. 72482 |b UNI UIA-leo 2003 | ||
| 110 | |a Universidad Iberoamericana Plantel Golfo-Centro | ||
| 245 | 1 | 0 | |a Estatuto orgánico de la Universidad Iberoamericana Puebla / |c Universidad Iberoamericana Plantel Golfo-Centro. |
| 264 | 4 | |a Puebla, México : |b Universidad Iberoamericana Plantel Golfo-Centro, |c 2003 | |
| 300 | |a 42 p. | ||
| 300 | |a 1 folleto | ||
| 336 | |a texto |b txt |2 rdacontenido | ||
| 337 | |a sin mediación |b n |2 rdamedio | ||
| 338 | |a volumen |b nc |2 rdasoporte | ||
| 440 | 1 | |a (Comunicación Oficial. |p Reglamentos. Rectoría ; |v 92) | |
| 610 | |a Universidad Iberoamericana. |b Plantel Golfo-Centro | ||
| 649 | |a XX | ||
| 650 | |a Rectores | ||
| 650 | |a Académicos | ||
| 650 | |a Personal Escolar | ||
| 650 | |a Alumnos | ||
| 650 | |a Idearios Escolares - |x Tema Principal | ||
| 650 | |a Perfil del Alumno | ||
| 650 | |a Instituciones Educativas - |x Leyes y Reglamentos - |x Tema Principal | ||
| 650 | |a Administración Educativa | ||
| 650 | |a Axiología de la Educación | ||
| 650 | |a Filosofía de la Educación | ||
| 650 | |a Universidades - |x Leyes y Reglamentos | ||
| 650 | |a Universidades Católicas - |z Puebla (Ciudad) | ||
| 650 | |a Universidades Católicas - |z México | ||
| 650 | |a Universidades Privadas - |z Puebla (Ciudad) | ||
| 650 | |a Universidades Privadas - |z México | ||
| 650 | |a Universidades - |z Puebla (Ciudad) | ||
| 650 | |a Universidades - |z México | ||
| 650 | |a Educación Superior - |z Puebla (Ciudad) | ||
| 650 | |a Educación Superior - |z México | ||
| 910 | |a Fondo General | ||
| 920 | |a Impresos - Libros | ||
| 930 | |a Colección General | ||
| 905 | |a 101 | ||
| 901 | |a 0500400948 |b IT2 |c FOL |i D70752 |u 20250521 | ||
| 902 | |a https://opac.biblio.iteso.mx/vufind/Record/000563005 | ||